[Event "Babina Greda active op"]
[Site "Babina Greda"]
[Date "2014.07.27"]
[Round "7"]
[White "Vargic, Drago"]
[Black "Rosic, Slavko S"]
[Result "0-1"]
[WhiteElo "2329"]
[BlackElo "2267"]
[PlyCount "82"]
[EventDate "2014.07.27"]
[EventType "swiss"]
[EventRounds "9"]
[EventCountry "CRO"]
[SourceTitle "EXT 2016"]
[Source "ChessBase"]
[SourceDate "2015.10.08"]
[SourceVersion "1"]
[SourceVersionDate "2015.10.08"]
[SourceQuality "1"]

1. e4 d5 2. exd5 Qxd5 3. Nc3 Qa5 4. Nf3 Bg4 5. Bc4 e6 6. 0-0 Nc6 7. Re1 Qh5 8. Be2 Nf6 9. h3 Bxf3 10. Bxf3 Qc5 11. d3 a6 12. Be3 Qd6 13. Qd2 Be7 14. Bf4 Qd7 15. a3 0-0 16. b4 Rab8 17. b5 axb5 18. Nxb5 Bd6 19. Bg5 Be7 20. Qf4 Rfc8 21. Rab1 h6 22. Bxh6 gxh6 23. Qxh6 Qe8 24. Re4 Qf8 25. Qf4 Nxe4 26. Bxe4 Bd6 27. Nxd6 cxd6 28. Rb5 d5 29. Bxd5 exd5 30. Rxd5 Ne7 31. Qg5+ Ng6 32. h4 Qe7 33. h5 Qxg5 34. Rxg5 Rxc2 35. hxg6 f6 36. Rd5 Kg7 37. g4 Kxg6 38. Kg2 Re8 39. Kg3 Ree2 40. f4 Re3+ 41. Kh4 Rh2# 0-1

[Event "CRO-chT"]
[Site "Bol"]
[Date "2014.05.16"]
[Round "4.2"]
[White "Vargic, Drago"]
[Black "Vujakovic, Branko"]
[Result "1/2-1/2"]
[WhiteElo "2315"]
[BlackElo "2356"]
[PlyCount "62"]
[EventDate "2014.05.14"]
[EventType "team-swiss"]
[EventRounds "6"]
[EventCountry "CRO"]
[SourceTitle "CBM 160 Extra"]
[Source "ChessBase"]
[SourceDate "2014.07.01"]
[SourceVersion "1"]
[SourceVersionDate "2014.07.01"]
[SourceQuality "1"]
[WhiteTeam "Djakovo Limmont"]
[BlackTeam "Zagreb Mladost"]
[WhiteTeamCountry "CRO"]
[BlackTeamCountry "CRO"]

1. e4 d6 2. d4 Nf6 3. Nc3 g6 4. Nf3 Bg7 5. h3 0-0 6. Be3 Nc6 7. Qd2 e5 8. 0-0-0 exd4 9. Nxd4 Re8 10. Bd3 Bd7 11. g4 Nxd4 12. Bxd4 Bc6 13. f3 d5 14. exd5 Bxd5 15. Nxd5 Qxd5 16. Qc3 Qd6 17. Bc4 Qf4+ 18. Kb1 c5 19. Bxf6 Qxf6 20. Qxf6 Bxf6 21. Rd7 Re7 22. Rhd1 Rae8 23. c3 Rxd7 24. Rxd7 Re7 25. Rxe7 Bxe7 26. Kc2 Kg7 27. Kd3 f5 28. gxf5 gxf5 29. Be6 Kf6 30. Bc8 b5 31. Bd7 b4 1/2-1/2

[Event "CRO-chT"]
[Site "Bol"]
[Date "2014.05.14"]
[Round "1.6"]
[White "Martic, Zlatko"]
[Black "Vargic, Drago"]
[Result "1/2-1/2"]
[WhiteElo "2303"]
[BlackElo "2315"]
[PlyCount "67"]
[EventDate "2014.05.14"]
[EventType "team-swiss"]
[EventRounds "6"]
[EventCountry "CRO"]
[SourceTitle "CBM 160 Extra"]
[Source "ChessBase"]
[SourceDate "2014.07.01"]
[SourceVersion "1"]
[SourceVersionDate "2014.07.01"]
[SourceQuality "1"]
[WhiteTeam "Slavonski Brod Djakovic"]
[BlackTeam "Djakovo Limmont"]
[WhiteTeamCountry "CRO"]
[BlackTeamCountry "CRO"]

1. d4 e6 2. Nf3 Nf6 3. c4 c5 4. d5 exd5 5. cxd5 d6 6. Nc3 g6 7. e4 a6 8. Bd3 Bg7 9. h3 0-0 10. 0-0 b5 11. Re1 b4 12. Na4 Ra7 13. a3 a5 14. Bf4 Re8 15. Nd2 Nh5 16. Bh2 Be5 17. Bxe5 Rxe5 18. Nc4 Rg5 19. Qf3 Nd7 20. b3 Ne5 21. Nxe5 Rxe5 22. axb4 axb4 23. Nb2 Ree7 24. Nc4 Ba6 25. Na5 Bxd3 26. Nc6 Rxa1 27. Rxa1 Bxe4 28. Qe3 Qe8 29. Nxe7+ Qxe7 30. f3 Qe5 31. Ra8+ Kg7 32. Qxe4 Qg3 33. Qe7 Kh6 34. Qxf7 1/2-1/2